Biến đổi khí hậu và nông nghiệp Việt Nam (tác động - thích ứng - giảm thiểu và chính sách)
Sách gồm 8 chương trình bày một số vấn đề chung về biến đổi khí hậu và nông nghiệp, tác động của biến đổi khí hậu đối với trồng trọt và chăn nuôi, đến lâm nghiệp và đa dạng sinh học,......
محفوظ في:
| المؤلف الرئيسي: | |
|---|---|
| التنسيق: | كتاب |
| اللغة: | Undetermined |
| منشور في: |
Hà Nội
Nông nghiệp
2017
|
| الموضوعات: | |
| الوسوم: |
إضافة وسم
لا توجد وسوم, كن أول من يضع وسما على هذه التسجيلة!
|
| Thư viện lưu trữ: | Trung tâm Học liệu Trường Đại học Cần Thơ |
|---|
| LEADER | 01003nam a2200193Ia 4500 | ||
|---|---|---|---|
| 001 | CTU_230831 | ||
| 008 | 210402s9999 xx 000 0 und d | ||
| 020 | |c 130000 | ||
| 082 | |a 630.9597 | ||
| 082 | |b V308 | ||
| 100 | |a Nguyễn, Văn Viết | ||
| 245 | 0 | |a Biến đổi khí hậu và nông nghiệp Việt Nam (tác động - thích ứng - giảm thiểu và chính sách) | |
| 245 | 0 | |c Nguyễn Văn Viết, Đinh Vũ Thanh (chủ biên) | |
| 260 | |a Hà Nội | ||
| 260 | |b Nông nghiệp | ||
| 260 | |c 2017 | ||
| 520 | |a Sách gồm 8 chương trình bày một số vấn đề chung về biến đổi khí hậu và nông nghiệp, tác động của biến đổi khí hậu đối với trồng trọt và chăn nuôi, đến lâm nghiệp và đa dạng sinh học,... | ||
| 650 | |a Biến đổi khí hậu,Climatic changes | ||
| 980 | |a Trung tâm Học liệu Trường Đại học Cần Thơ | ||